Desarrollo y crisis fiscal desde la óptica liberacionista /

Salvato in:
Dettagli Bibliografici
Autore principale: Jiménez Monge, Bernal
Natura: testo
Soggetti:
Tags: Aggiungi Tag
Nessun Tag, puoi essere il primo ad aggiungerne!!

MARC

LEADER 00000 a a2200000 04500
001 16805
003
040
100 |a Jiménez Monge, Bernal  
245 |a Desarrollo y crisis fiscal desde la óptica liberacionista /  |c Bernal Jiménez Monge 
650 |a ADMINISTRACION FISCAL  
650 |a CRISIS  
650 |a CONDICIONES ECONOMICAS  
650 |a RECESION ECONOMICA  
650 |a GOBIERNO CENTRAL  
650 |a RESPONSABILIDAD  
650 |a REFORMA TRIBUTARIA  
773 |g volumen 10, número 3; páginas 95-100  
999 |c 27345  |d 27345